| 000 | 00514ntaaa2200193 4500 | ||
|---|---|---|---|
| 003 | 01 | ||
| 005 | 20251027202053.0 | ||
| 008 | 0714s1973 ag 01 | ||
| 040 |
_aAR-BaBN _bspa _cAR-BaBN _eaacr _dRIC |
||
| 082 | _a252.0000 F75 | ||
| 100 | _aFord, W. Herschel | ||
| 245 | _aSencillos sermones sobre los diez mandamientos | ||
| 250 | _a1 ed. | ||
| 260 |
_aEl Paso : _bCasa Bautista de Publicaciones, _cc1963 |
||
| 300 | _a159 p | ||
| 650 |
_asermones _9362 |
||
| 650 |
_amandamientos-sermones _919271 |
||
| 942 | _cBK | ||
| 999 |
_c15529 _d15529 |
||